| 000 | 00906 a2200301 4500 | ||
|---|---|---|---|
| 001 | 71770 | ||
| 003 | TR-AnTOB | ||
| 005 | 20240918073645.0 | ||
| 008 | 111110s2004 tu 000 0 | ||
| 020 | _a9756230002 | ||
| 040 |
_aTR-AnTOB _cTR-AnTOB |
||
| 041 | _atur | ||
| 050 |
_aDR719 _bG66 2004 |
||
| 090 | _aDR719 G66 2004 | ||
| 100 |
_aGöncüoğlu, Süleyman Faruk _9113466 |
||
| 245 | 0 |
_aİstanbul'un ilkleri enleri / _cSüleyman Faruk Göncüoğlu. |
|
| 250 | _a2. baskı, genişletilmiş. | ||
| 264 | 1 |
_aSultanahmet,İstanbul: _bEP Yayıncılık, _c2004. |
|
| 300 |
_a211 p. : _bill., maps; _c23 cm. |
||
| 504 | _aKaynakça vardır. | ||
| 590 |
_aSn Celil Güngör tarafından hediye _cedilmiştir. |
||
| 651 | 0 |
_aİstanbul (Türkiye) _xGezi ve tanıtım _972831 |
|
| 651 | 7 |
_aİstanbul (Türkiye) _xTarih _2 _972830 |
|
| 902 | _a0025198 | ||
| 903 | _aMerkez Kütüphane | ||
| 942 |
_cBK _2lcc |
||
| 999 |
_c71770 _d29172 |
||